All Mahalia Songs - Statistics

General Stats
  • This quiz has been taken 16 times
  • The average score is 26 of 45
Answer Stats
Album Song % Correct
LOVE AND COMPROMISE What You Did
85%
LOVE AND COMPROMISE I Wish I Missed My Ex
77%
LOVE AND COMPROMISE Square 1
77%
Isolation Tapes BRB
69%
Single #7 Grateful
69%
LOVE AND COMPROMISE He's Mine
69%
LOVE AND COMPROMISE Hide Out
69%
LOVE AND COMPROMISE Karma
69%
Isolation Tapes Plastic Plants
69%
LOVE AND COMPROMISE Simmer
69%
LOVE AND COMPROMISE Consistency
62%
LOVE AND COMPROMISE Do Not Disturb
62%
LOVE AND COMPROMISE Good Company
62%
Seasons Honeymoon
62%
LOVE AND COMPROMISE Regular People
62%
LOVE AND COMPROMISE Richie
62%
LOVE AND COMPROMISE What Am I?
62%
Diary of Me 17
54%
Seasons Good Reason
54%
Diary of Me Independence Day
54%
Diary of Me I Remember
54%
Diary of Me Mahalia
54%
Diary of Me Marry Me
54%
Never Change Never Change
54%
Single #3 No Pressure
54%
Single #5 No Reply
54%
Seasons One Night Only
54%
Single #4 Proud of Me
54%
Diary of Me Rollercoaster
54%
Diary of Me Silly Girl
54%
Single Sober
54%
Seasons Surprise Me
54%
Seasons That's OK
54%
Isolation Tapes Too Nice
54%
Diary of Me Back Up Plan
46%
Diary of Me Begin Again
46%
Never Change Borrowers
46%
Single #2 Hold On
46%
Head Space If You're in Love
46%
Head Space Let the World See the Light
46%
Never Change Maisie
46%
Head Space Ride
46%
Never Change Up
46%
Single #6 Water
46%
Head Space Mardy Burn
38%
No matching quizzes found
Score Distribution
Percent of People with Each Score
Percentile by Number Answered
Your Score History
You have not taken this quiz